00679nam a2200217Ia 4500003000400000005001700004008004100021020002900062040001700091082002600108100001900134245005600153250001200209260002800221300002000249500001900269650001700288942000900305952013200314999001500446IIN20250526121936.0250526s2023 xx ad 001 0 eng d cRs.650.00a9789386006561 aIINbEnglish a615.1 bKRI1 aKrishnaraj, P.1 aTextbook of Pharmacology for Nurses/cP. Krishnaraj a2nd ed. aBangalorebEMMESSc2023 ax, 438 p.bill. aIncludes Index1 aPharmacology cBOOK 00102ddc40708PURCHaIINbIINcGENd2025-03-11g650.00l0o615.1 KRIp2069r2025-05-26 12:20:00w2025-05-26yBOOK c1840d1840